000 00814nam a2200229Ii 4500
003 JO-AjNU
008 230605s9999||||xx |||||||||||||| ||und||
017 _a2017/12/6409
020 _a978-9957-686-15-4
040 _aJO-AjNU
_bara
_erda
_cJO-AjNU
041 _aara
050 1 4 _aPJ8215.H32 2018
100 3 _aحداد، نبيل,
_eauthor
_958607
245 0 0 _aالمرأة مشروعا حضاريا: دراسات في الرواية المصرية
250 _aط1
264 3 1 _aإربد: عالم الكتب الحديث للنشر والتوزيع، 2018
300 _a204ص
336 _atext
_btxt
_2rdacontent
337 _aunmediated
_bn
_2rdamedia
338 _avolume
_bnc
_2rdacarrier
650 4 _aاللغة العربية - الرواية المصرية - دراسات - المرأة
_958608
999 _aA26327
_c29895
_d29895